New Headway Intermediate : Workbook with key

Saved in:
Bibliographic Details
Main Author: Soars, John and Liz (Author)
Format: Book
Language:English
Published: Oxford : Oxford University Press, 2009
Edition:4. vyd.
Tags: Add Tag
No Tags, Be the first to tag this record!

MARC

LEADER 00000nam a22000003a 4500
001 stu274578
005 20150617230230.0
008 130918s--------uk------------------eng-d
020 |a 978-0-19-476868-9 
040 |a STU  |b slo 
041 0 |a eng 
044 |a uk 
100 1 |a Soars, John and Liz  |4 aut 
245 1 |a New Headway Intermediate :  |b Workbook with key 
250 |a 4. vyd. 
260 |a Oxford :  |b Oxford University Press,  |c 2009 
300 |a 102 p 
996 |l II680  |s A  |a 24  |w stu274578_0001